Province che confinano con la Provincia di Sondrio - Statistics

Statistiche generali
  • Questo quiz è stato fatto 28 volte
  • Il punteggio medio è 6 su 6
Statistiche sulle risposte
Regione Provincia % Corretto
Lombardia Provincia di Brescia
100%
Lombardia Provincia di Como
100%
Trentino-Alto Adige Provincia autonoma di Bolzano
96%
Lombardia Provincia di Lecco
96%
Trentino-Alto Adige Provincia autonoma di Trento
92%
Lombardia Provincia di Bergamo
92%
Nessun quiz corrispondente trovato
Distribuzione punteggi
Percentuale di utenti per punteggio
Percentile per numero di risposta
I tuoi punteggi nel tempo
Non hai fatto questo quiz